书目信息 |
| 题名: |
果蔬糖制品加工工艺
|
|
| 作者: | 张志勤 编著 | |
| 分册: | ||
| 出版信息: | 北京 农业出版社 1992 |
|
| 页数: | 179页 | |
| 开本: | 19cm | |
| 丛书名: | ||
| 单 册: | ||
| 中图分类: | TS255.41 | |
| 科图分类: | ||
| 主题词: | 糖渍食品--食品加工 | |
| 电子资源: | ||
| ISBN: | 7-109-02260-9 | |
| 000 | 00722nam0 2200241 450 | |
| 001 | 0100362423 | |
| 005 | 20101126092740.0 | |
| 010 | @a7-109-02260-9@dCNY3.45 | |
| 011 | @a7-109-02260-9 | |
| 100 | @a20021005d1992 em y0chiy0110 ea | |
| 101 | 0 | @achi |
| 102 | @aCN@b110000 | |
| 105 | @ay z 000yy | |
| 106 | @ar | |
| 200 | 1 | @a果蔬糖制品加工工艺@9Guo Shu Tang Zhi Pin Jia Gong Gong Yi @f张志勤编著@b专著 |
| 210 | @a北京@c农业出版社@d1992 | |
| 215 | @a179页@d19cm | |
| 330 | @a本书介绍了果蔬糖制品的分类、制作原理、加工技术等方面。 | |
| 606 | 0 | @a糖渍食品@x食品加工 |
| 690 | @aTS255.41@v3 | |
| 701 | 0 | @a张志勤@9zhang zhi qin@4编著 |
| 801 | 0 | @aCN@bAiZhiMarc@c19920808 |
| 905 | @aBZT@dTS255.41@e1@f10@sTS255.41/1 | |
| 果蔬糖制品加工工艺/张志勤编著.-北京:农业出版社,1992 |
| 179页;19cm |
| ISBN 7-109-02260-9:CNY3.45 |
| 本书介绍了果蔬糖制品的分类、制作原理、加工技术等方面。 |
| ● |
| 相关链接 |
|
|
|
正题名:果蔬糖制品加工工艺
索取号:TS255.41/1
 
预约/预借
| 序号 | 登录号 | 条形码 | 馆藏地/架位号 | 状态 | 备注 |
| 1 | 2000106980 | 2000106980 | 旧书回溯/ [索取号:TS255.41/1] | 在馆 | |
| 2 | 2000106981 | 2000106981 | 旧书回溯/ [索取号:TS255.41/1] | 在馆 | |
| 3 | 2000106982 | 2000106982 | 旧书回溯/ [索取号:TS255.41/1] | 在馆 | |
| 4 | 2000106983 | 2000106983 | 旧书回溯/ [索取号:TS255.41/1] | 在馆 | |
| 5 | 2000106994 | 2000106994 | 旧书回溯/ [索取号:TS255.41/1] | 在馆 | |
| 6 | 2000106999 | 2000106999 | 旧书回溯/ [索取号:TS255.41/1] | 在馆 | |
| 7 | 2000107000 | 2000107000 | 旧书回溯/ [索取号:TS255.41/1] | 在馆 | |
| 8 | 2000107001 | 2000107001 | 旧书回溯/ [索取号:TS255.41/1] | 在馆 | |
| 9 | 2000107002 | 2000107002 | 旧书回溯/ [索取号:TS255.41/1] | 在馆 | |
| 10 | 2000107003 | 2000107003 | 旧书回溯/ [索取号:TS255.41/1] | 在馆 |